| 000 | 00706nam a22001937a 4500 | ||
|---|---|---|---|
| 999 |
_c195613 _d195613 |
||
| 005 | 20230406162708.0 | ||
| 010 | _aENG-136643 | ||
| 020 |
_c2500.00 _a9788171888405 |
||
| 035 | _aEN-120175 | ||
| 037 | _bDBAD/PUB | ||
| 082 | _a320.95402 | ||
| 245 | 0 | 0 |
_aJourney Of a Nation : _bIndian National Congree 125 Years / _cEdited By Anand Sharma |
| 250 | _aFirst | ||
| 260 |
_bAcademic Foundaton _aNew Delhi _c2011 |
||
| 270 |
_bNew Delhi _e110002 _a4772-73/23 Bahrat Ram Road (23 Ansari Road) Darya Ganj _k+91-11-23245001/02/03/04 _l91-11-23245005 _mbooks@academicfoundation.com |
||
| 300 |
_a306p.; _c25cm(pbk) _bill. |
||
| 700 |
_aSharma, Anand _eEditor |
||
| 942 |
_2ddc _cEN _mJOU _h320.95402 |
||